000 00390nam a2200121 4500
008 180213b xxu||||| |||| 00| 0 eng d
100 _926388
_aSaberon-Abalayan, Marianne L.
245 _aCor Jesu, St. Mary's vie for Fil-Oil flying V honors/
_cMarianne L. Saberon-Abalayan
260 _aDavao City
_bSun Star Davao
_cc2017
300 _apage 18.
650 0 _926389
_aSports.
942 _2ddc
_cPER
999 _c8577
_d8577